Anagrammes personnages Disney #4 - Statistiques

Statistiques générales
  • Ce quiz a été pris 478 fois
  • Le résultat moyen est 11 sur 20
Statistiques - réponses
Anagrammes Réponses % Correct
MELFAIQUE Maléfique
99%
BIMAB Bambi
96%
XOR Rox
95%
NINIEW Winnie
91%
NINIME Minnie
83%
DEMERSALA Esmeralda
81%
BAIMS Simba
80%
NOJH THSIM John Smith
77%
ERME HOTELG Mère Gothel
60%
FRISKOFT Kristoff
56%
SILAB Basil
53%
SHEDA Hades
44%
TAP HUILEBRAI Pat Hibulaire
40%
TRAMA Taram
32%
ANTIACIPE TORCHEC Capitaine Crochet
29%
NOVELLEPA Vanellope
27%
DESCHUES Duchesse
26%
HOIR ADHAMA Hiro Hamada
17%
CHUNEGRIX Grincheux
14%
NEVOLATIN Valentino
6%
Aucun quiz correspondant
Distribution des résultats
% des personnes avec chaque résultat
Percentile par nombre de réponses
Votre historique - résultats
Vous n’avez pas pris ce quiz